Carregant...
Karuthum Karpanayum /
| Autor principal: | |
|---|---|
| Idioma: | Undetermined |
| Publicat: |
1961.
|
| LEADER | 00368nam a2200121Ia 4500 | ||
|---|---|---|---|
| 001 | 54512 | ||
| 008 | 170722s9999 xx 000 0 und d | ||
| 100 | |a Amirthalinkan, P. | ||
| 245 | |a Karuthum Karpanayum / | ||
| 260 | |c 1961. | ||
| 942 | |c GEN | ||
| 999 | |c 62093 |d 62093 | ||
| 952 | |0 0 |1 0 |4 0 |6 O_316N202X_K1_T |7 0 |9 88411 |a LIB |b LIB |d 2017-08-12 |o O31,6N202x K1 (T) |p 96993 |r 2017-08-12 |w 2017-08-12 |y GEN | ||